01043 2200217 4500001002100000005001500021035002000036007000300056008004100059020001800100082001300118084001900131100002600150245006700176250001200243260003600255300003700291700001900328520046200347990001600809INLIS00000000000007120260427084532 a0010-0426000071ta260427 b 1 ind  a9789790669628 a899.2213 a899.2213 IVA h0 aIvanda Amyra Mayshara1 aHappy Camp :bKecil-Kecil Punya Karya /cIvanda Amyra Mayshara aCet. XI aBandung :bMizan Pustaka,c2015 a136 hlm. :bIlus. ;c15 x 21 cm.0 aDadan Ramadhan aHappy Camp adalah cerita anak yang mengisahkan pengalaman seru sekelompok anak saat mengikuti kegiatan perkemahan. Selama di kamp, mereka belajar mandiri, bekerja sama, serta menghadapi berbagai tantangan dengan penuh keceriaan. Cerita ini dipenuhi momen kebersamaan, petualangan, dan nilai persahabatan yang kuat. Disajikan dengan bahasa ringan dan menyenangkan, buku ini cocok untuk mengajarkan anak tentang kerja tim, keberanian, dan rasa tanggung jawab. a00000000079